Pre-escolar Rubio

Salvato in:
Dettagli Bibliografici
Natura: Libro
Lingua:spagnolo
Pubblicazione: Valencia : Ediciones Técnicas Rubio, 1977-
Catalogo:MANES:  Risultati della ricerca del catalogo della biblioteca
Libro di testo Classificazione:
Soggetti:
Tags: Aggiungi Tag
Nessun Tag, puoi essere il primo ad aggiungerne!!
Aggiunto a:1999-11-29
Cambiato in:2025-05-07

MARC

LEADER 00000cam a2200000#i 4500
005 20250507134616.0
008 000000m1977 espa fp 000 0 spa d
020 |a 8485109082 (V.6)  |a 848510904X (V.2)  |a 8485109449 (V.5) 
040 |a uned  |b spa  |c entro-manes 
245 0 0 |a Pre-escolar Rubio 
260 |a Valencia :   |b Ediciones Técnicas Rubio,   |c 1977- 
300 |a [3] v. 
500 |a Datos tomados de la cub. 
505 1 |a Contiene:   |g V. 2 -   |g V. 5 -   |g V. 6 
546 |a España 
561 |5 es-BUNED  |3 L.T.M. 0532  |a España. Fondo Manes UNED  |k MANES 
650 7 |a Material didáctico 
691 0 |a IN 
942 |2 ddc  |c BK 
999 |c 98519  |d 98519 
999 |c manes:98519  |d 98519